000 00266nam a22000977a 4500
999 _c11459
_d11459
008 190525b ||||| |||| 00| 0 eng d
020 _a9781599201122
100 _aPark Louise
_97173
245 _aNatural Disasters- (Hurricanes)
260 _aMinnesota
_bSmart Apple
_c2007